[Event "East Lansing (MEX/3)"]
[Site "?"]
[Date "1984.??.??"]
[Round "?"]
[White "Bagherabadi, Mohammed"]
[Black "Feldstein, R.."]
[Result "1-0"]
[WhiteElo "2025"]
[BlackElo "2000"]
[PlyCount "95"]
[EventDate "1984.??.??"]

1. d4 Nf6 2. Nc3 c5 3. d5 d6 4. e4 Bg4 5. f3 Bh5 6. Bf4 Qa5 7. Qd2 Nbd7 8. Nge2
b5 9. Nc1 a6 10. Nb3 Qb6 11. a4 b4 12. Nd1 h6 13. h4 Ne5 14. Bxe5 dxe5 15. Ne3
Nd7 16. Nc4 Qf6 17. O-O-O g5 18. g4 Bg6 19. h5 Bh7 20. Be2 Bg7 21. d6 e6 22. a5
O-O 23. Nb6 Nxb6 24. axb6 Rfb8 25. Nxc5 Qd8 26. b7 Ra7 27. Qxb4 a5 28. Qa3 Bf8
29. Rd2 a4 30. Rhd1 Kg7 31. Bb5 Qa5 32. c4 Bg8 33. Qc3 Qxc3+ 34. bxc3 a3 35.
Kb1 f5 36. Nd7 Rbxb7 37. Nxf8 Kxf8 38. d7 a2+ 39. Ka1 Rxd7 40. Rxd7 Ra3 41.
Rd8+ Kg7 42. Be8 Rxc3 43. R1d7+ Kh8 44. Bg6 Rc1+ 45. Kxa2 Rc2+ 46. Kb3 Rb2+ 47.
Kxb2 f4 48. Rh7# 1-0

[Event "Plymouth (MI Op/1a/21)"]
[Site "?"]
[Date "1984.??.??"]
[Round "?"]
[White "Bagherabadi, Mohammed"]
[Black "Davis, J.."]
[Result "1-0"]
[WhiteElo "1990"]
[BlackElo "1750"]
[PlyCount "124"]
[EventDate "1984.??.??"]

1. d4 Nf6 2. Nc3 e6 3. e4 Bb4 4. Bd3 b6 5. Bg5 h6 6. Bh4 Be7 7. e5 Nd5 8. Bxe7
Qxe7 9. Qf3 Bb7 10. Be4 c6 11. Nge2 Na6 12. O-O Nac7 13. Ng3 Nxc3 14. bxc3 Nb5
15. a4 Nc7 16. c4 d5 17. exd6 Qxd6 18. Rad1 O-O 19. Nh5 Qd7 20. Qf6 Ne8 21.
Qxg7+ Nxg7 22. Nf6+ Kh8 23. Nxd7 Rfd8 24. Ne5 Kg8 25. Bxc6 Bxc6 26. Nxc6 Rdc8
27. Ne7+ Kf8 28. Nxc8 Rxc8 29. d5 Rxc4 30. d6 Ke8 31. a5 bxa5 32. Ra1 Rc5 33.
Rfb1 Nf5 34. Rb8+ Kd7 35. Rb7+ Ke8 36. d7+ Ke7 37. Rd1 Rd5 38. Rxd5 exd5 39.
Rxa7 Nd4 40. Rxa5 Nxc2 41. Rxd5 Kd8 42. Rf5 Kxd7 43. Rxf7+ Ke6 44. Rh7 Kf5 45.
Rxh6 Nd4 46. f4 Ne2+ 47. Kf2 Nxf4 48. Rh8 Nd3+ 49. Ke3 Nb2 50. Rg8 Nc4+ 51. Ke2
Nd6 52. h4 Kf6 53. g4 Kf7 54. Ra8 Ne4 55. Kf3 Nd2+ 56. Kf4 Nc4 57. h5 Kg7 58.
g5 Nb6 59. Ra7+ Kg8 60. Kf5 Nd5 61. h6 Ne3+ 62. Kg6 Kf8 1-0

[Event "East Detroit (MCO/3/14)"]
[Site "?"]
[Date "1984.??.??"]
[Round "?"]
[White "Aurand, G.."]
[Black "Prusaitis, William"]
[Result "0-1"]
[WhiteElo "1605"]
[BlackElo "1970"]
[PlyCount "64"]
[EventDate "1984.??.??"]

{3/(14)} 1. e4 e5 2. Nf3 Nc6 3. Bb5 a6 4. Ba4 d6 5. d4 b5 6. Bb3 Nxd4 7. Nxd4
exd4 8. c3 dxc3 9. Nxc3 Nf6 10. O-O Be7 11. Re1 O-O 12. h3 Bb7 13. Bg5 h6 14.
Bf4 Re8 15. Qd2 Bf8 16. Rac1 Nxe4 17. Nxe4 Rxe4 18. Rxe4 Bxe4 19. Bd5 Bxd5 20.
Qxd5 c5 21. Rd1 Ra7 22. Bxd6 Rd7 23. Qxc5 Bxd6 24. Qc6 Bh2+ 25. Kxh2 Rxd1 26.
Qxa6 Qc7+ 27. g3 Qc2 28. Qa8+ Kh7 29. Kg2 Qe2 30. Qc8 Qf1+ 31. Kf3 Rd3+ 32. Kg4
Qe2+ 0-1

[Event "East Detroit (MCO/6/39)"]
[Site "?"]
[Date "1984.??.??"]
[Round "?"]
[White "Aurand, G.."]
[Black "Coates, J.."]
[Result "1-0"]
[WhiteElo "1605"]
[BlackElo "1605"]
[PlyCount "79"]
[EventDate "1984.??.??"]

{6/(39)} 1. e4 e5 2. Nf3 Nc6 3. Bb5 Nf6 4. d3 a6 5. Bxc6 dxc6 6. O-O Bd6 7. Be3
Bg4 8. h3 Bxf3 9. Qxf3 Qe7 10. Nd2 O-O-O 11. Rad1 h6 12. c3 Qe6 13. Nb3 b6 14.
Rfe1 g5 15. d4 g4 16. hxg4 Nxg4 17. d5 cxd5 18. exd5 Qg6 19. Qh3 e4 20. Nd2
Rde8 21. Bd4 Rh7 22. f3 Bh2+ 23. Kh1 Kb7 24. fxg4 Bf4 25. Kg1 h5 26. g5 Bxg5
27. Be3 f6 28. Bxg5 fxg5 29. Re3 h4 30. Qg4 Rhe7 31. Rde1 Re5 32. Rxe4 b5 33.
Rxe5 Qb6+ 34. Kh1 Rf8 35. Re8 Rxe8 36. Rxe8 Qa7 37. Qc8+ Kb6 38. Re6+ Ka5 39.
b4+ Ka4 40. Rxa6+ 1-0

[Event "Plymouth (MI Op/3/19)"]
[Site "?"]
[Date "1984.??.??"]
[Round "?"]
[White "Arganian, David G"]
[Black "Steen, Harold"]
[Result "1-0"]
[WhiteElo "2050"]
[BlackElo "1620"]
[PlyCount "79"]
[EventDate "1984.??.??"]

{3/(19)} 1. d4 d6 2. c4 Nf6 3. Nc3 g6 4. Bg5 Bg7 5. Nf3 O-O 6. e3 Nc6 7. Be2 a6
8. O-O e5 9. dxe5 Nxe5 10. Nxe5 dxe5 11. Qxd8 Rxd8 12. Nd5 Rd6 13. Nxc7 Rb8 14.
Rfd1 Rxd1+ 15. Rxd1 Bf5 16. f3 e4 17. b3 exf3 18. gxf3 h6 19. Bf4 Rc8 20. e4
Nh5 21. Bd6 Bh3 22. Nd5 Kh7 23. f4 Re8 24. e5 Bf5 25. Kf2 Be4 26. Ke3 f5 27.
Bxh5 gxh5 28. Kd4 Re6 29. Kc5 b5 30. cxb5 axb5 31. Nc7 Rg6 32. e6 Rg2 33. Nd5
Bf3 34. e7 Bxd1 35. e8=Q Rc2+ 36. Kb4 Rd2 37. Qf7 Rd4+ 38. Ka3 b4+ 39. Ka4 Kh8
40. Nf6 1-0

[Event "Plymouth (MI Op/5/15)"]
[Site "?"]
[Date "1984.??.??"]
[Round "?"]
[White "Arganian, David G"]
[Black "Prusaitis, William"]
[Result "1/2-1/2"]
[WhiteElo "2050"]
[BlackElo "1895"]
[PlyCount "26"]
[EventDate "1984.??.??"]

{5/(15)} 1. e4 e5 2. f4 exf4 3. Bc4 Nf6 4. Nc3 d6 5. d3 Be7 6. Bxf4 Nc6 7. Nf3
Bg4 8. Qd2 Bxf3 9. gxf3 Nh5 10. Be3 Bh4+ 11. Bf2 Ne5 12. Qe3 Bg5 13. Qe2 Nf4
1/2-1/2

[Event "Plymouth (MI Op/6/10)"]
[Site "?"]
[Date "1984.??.??"]
[Round "?"]
[White "Arganian, David G"]
[Black "Johnson, Ri"]
[Result "0-1"]
[WhiteElo "1895"]
[BlackElo "2050"]
[PlyCount "74"]
[EventDate "1984.??.??"]

{6/(10)} 1. d4 Nf6 2. c4 e6 3. Nc3 Bb4 4. a3 Bxc3+ 5. bxc3 d6 6. Nf3 b6 7. Bg5
Bb7 8. e3 Nbd7 9. Nd2 Qe7 10. f3 c5 11. Bd3 h6 12. Bh4 g5 13. Bg3 Nh5 14. Bf2
Ng7 15. Qe2 O-O-O 16. e4 e5 17. d5 Nh5 18. g3 Qf6 19. O-O Rhg8 20. Be3 Nf4 21.
Bxf4 gxf4 22. g4 h5 23. Rf2 Qh4 24. Rg2 Nf6 25. Qf2 Qxf2+ 26. Kxf2 hxg4 27.
Rag1 gxf3 28. Rxg8 Rxg8 29. Rxg8+ Nxg8 30. h4 Kd8 31. h5 Bc8 32. Kxf3 Nh6 33.
Be2 Bg4+ 34. Kf2 Bd7 35. Nf3 Ke7 36. Nh4 Kf6 37. Nf3 Kg7 0-1

[Event "Plymouth (MI Op/1b/9)"]
[Site "?"]
[Date "1984.??.??"]
[Round "?"]
[White "Arganian, David G"]
[Black "Hendricks, Marcus"]
[Result "1-0"]
[WhiteElo "2050"]
[BlackElo "1805"]
[PlyCount "93"]
[EventDate "1984.??.??"]

1. e4 c5 2. Nf3 d6 3. Bb5+ Bd7 4. Bxd7+ Qxd7 5. c4 g6 6. Nc3 Bg7 7. d4 cxd4 8.
Nxd4 Nc6 9. Be3 Nf6 10. f3 Rc8 11. b3 O-O 12. O-O Rfd8 13. Rc1 e6 14. Nxc6 bxc6
15. Bg5 Qc7 16. Qd2 Rd7 17. Rfd1 Qa5 18. Rc2 Ne8 19. Be3 d5 20. cxd5 cxd5 21.
Na4 Qxd2 22. Rcxd2 d4 23. Bxd4 Bh6 24. Rd3 Rcd8 25. Kf2 e5 26. Be3 Rxd3 27.
Rxd3 Rxd3 28. Bxh6 f6 29. Ke2 Rd6 30. Be3 a6 31. Nb2 Nc7 32. Nc4 Rd7 33. Nb6
Rd8 34. a4 Kf7 35. g3 Ne6 36. Nd5 Rc8 37. b4 Rc2+ 38. Bd2 Nd4+ 39. Kd3 Ra2 40.
a5 Nxf3 41. Bc3 Ke6 42. Nc7+ Kd6 43. Nxa6 Kc6 44. Kc4 Nd4 45. b5+ Nxb5 46. Nb4+
Kd6 47. Nxa2 1-0

[Event "East Lansing (MEX/3)"]
[Site "?"]
[Date "1984.??.??"]
[Round "?"]
[White "Arganian, David G"]
[Black "Finegold, Ben"]
[Result "0-1"]
[WhiteElo "2100"]
[BlackElo "2315"]
[PlyCount "64"]
[EventDate "1984.??.??"]

1. d4 Nf6 2. c4 c5 3. d5 b5 4. Nf3 g6 5. g3 Bg7 6. Bg2 d6 7. cxb5 a6 8. b6 Nbd7
9. Nc3 O-O 10. O-O Nxb6 11. Bf4 Nc4 12. Nd2 Nxd2 13. Qxd2 Rb8 14. e4 Nd7 15.
Rab1 Bh8 16. Bh6 Re8 17. f4 Rb4 18. e5 dxe5 19. f5 Nf6 20. fxg6 hxg6 21. Qf2
Bf5 22. Qxc5 Qb6 23. Qxb6 Rxb6 24. Rbe1 Rxb2 25. Bg5 Rc8 26. Rc1 e4 27. a4 Ng4
28. Nxe4 Bd4+ 29. Kh1 Rxc1 30. Rxc1 Bxe4 31. Rc8+ Kg7 32. Bxe4 Rxh2# 0-1

[Event "Battle Creek (Insanity/1/5)"]
[Site "?"]
[Date "1984.??.??"]
[Round "?"]
[White "Anderson, T.."]
[Black "Moore, Robert"]
[Result "0-1"]
[WhiteElo "1605"]
[BlackElo "1750"]
[PlyCount "86"]
[EventDate "1984.??.??"]

{1/(5)} 1. d4 g6 2. Nf3 Bg7 3. e3 d6 4. Nbd2 Nf6 5. Bd3 Nbd7 6. O-O O-O 7. Re1
c5 8. c3 a6 9. e4 b5 10. e5 dxe5 11. dxe5 Ng4 12. e6 fxe6 13. h3 Nge5 14. Ng5
Qb6 15. Nde4 Nxd3 16. Qxd3 Ne5 17. Qg3 Bb7 18. Bf4 Nd3 19. Qxd3 Rxf4 20. Qe3
Rf5 21. g4 Re5 22. f4 Rd5 23. b4 Qc6 24. Nxc5 Rxc5 25. Qxe6+ Qxe6 26. Rxe6 Rxc3
27. Rae1 Rc2 28. R1e2 Rac8 29. Rxe7 Bd4+ 30. Kh2 Rxe2+ 31. Rxe2 h6 32. Ne6 Bf3
33. Rd2 Bc3 34. Rd6 Be1 35. Nc5 Bxb4 36. Rxg6+ Kh7 37. Nxa6 Kxg6 38. Nxb4 Be4
39. Kg3 Ra8 40. Kh4 Ra4 41. f5+ Kg7 42. a3 Rxa3 43. f6+ Kxf6 0-1

[Event "Battle Creek (Insanity/3/3)"]
[Site "?"]
[Date "1984.??.??"]
[Round "?"]
[White "Anderson, T.."]
[Black "Kulbacki, James"]
[Result "0-1"]
[WhiteElo "1605"]
[BlackElo "2000"]
[PlyCount "40"]
[EventDate "1984.??.??"]

{3/(3)} 1. d4 Nf6 2. Nf3 b6 3. e3 Bb7 4. Nbd2 e6 5. Bd3 Be7 6. O-O O-O 7. Re1
d5 8. e4 c5 9. dxc5 bxc5 10. c3 dxe4 11. Nxe4 Nxe4 12. Qc2 Nf6 13. Ng5 g6 14.
Re3 Qd5 15. Rg3 Nh5 16. Nxh7 Nxg3 17. f3 c4 18. Bxg6 Bc5+ 19. Qf2 Bxf2+ 20.
Kxf2 fxg6 0-1

[Event "Battle Creek (Insanity/7/5)"]
[Site "?"]
[Date "1984.??.??"]
[Round "?"]
[White "Anderson, T.."]
[Black "Griffin, John"]
[Result "1/2-1/2"]
[WhiteElo "1605"]
[BlackElo "1620"]
[PlyCount "107"]
[EventDate "1984.??.??"]

{7/(5)} 1. d4 d5 2. Nf3 e6 3. e3 Nd7 4. Nbd2 c5 5. c3 a6 6. Bd3 Ngf6 7. O-O
cxd4 8. cxd4 Bd6 9. Re1 b5 10. e4 dxe4 11. Nxe4 Qc7 12. Bg5 Bf4 13. Nxf6+ gxf6
14. Bxf4 Qxf4 15. Rc1 Bb7 16. Be2 Kf8 17. Qd3 Rc8 18. Nd2 Nb6 19. Bf1 Kg7 20.
Qe3 Qxe3 21. fxe3 Rhd8 22. Nb3 Na4 23. Nc5 Nxc5 24. Rxc5 e5 25. Rxc8 Rxc8 26.
Re2 Be4 27. a3 Rc1 28. Rd2 Kf8 29. Kf2 Ke7 30. Be2 Ke6 31. Bf3 Bxf3 32. gxf3
exd4 33. exd4 Rc7 34. Ke3 Kf5 35. Kd3 Kf4 36. Rc2 Rxc2 37. Kxc2 Kf5 38. Kd3 Ke6
39. b3 Kd5 40. Kc3 a5 41. a4 bxa4 42. bxa4 f5 43. f4 h6 44. Kd3 h5 45. Kc3 h4
46. h3 Kc6 47. Kc4 f6 48. d5+ Kd6 49. Kd4 Kc7 50. Kc5 Kd7 51. d6 Kd8 52. Kc6
Kc8 53. d7+ Kd8 54. Kd6 1/2-1/2

[Event "Plymouth (MI Op/7/31)"]
[Site "?"]
[Date "1984.??.??"]
[Round "?"]
[White "Almquist, W.."]
[Black "Prusaitis, William"]
[Result "0-1"]
[WhiteElo "1620"]
[BlackElo "1895"]
[PlyCount "90"]
[EventDate "1984.??.??"]

{7/(31)} 1. e4 e5 2. Nf3 Nc6 3. Bb5 a6 4. Ba4 d6 5. d4 b5 6. Bb3 Nxd4 7. Nxd4
exd4 8. Qxd4 c5 9. Qd5 Be6 10. Bg5 Bxd5 11. Bxd8 Bxb3 12. axb3 Kxd8 13. Nc3 Nf6
14. e5 dxe5 15. Nxb5 Kc8 16. O-O Rb8 17. Nc3 Kb7 18. Ra5 Bd6 19. Rfa1 Rhc8 20.
Rxa6 Ra8 21. Rxa8 Rxa8 22. Rxa8 Kxa8 23. f3 Kb7 24. h3 Kc6 25. Kf2 Nd5 26. Ne4
Nb4 27. Ng5 f6 28. Ne6 Nxc2 29. Nxg7 Nd4 30. Nh5 Be7 31. f4 e4 32. b4 cxb4 33.
Ke3 Kd5 34. g4 b3 35. Ng3 Nc2+ 36. Ke2 Ba3 37. Nf1 Bxb2 38. Nd2 Nd4+ 39. Kd1 e3
40. Nb1 Kc4 41. g5 fxg5 42. fxg5 Kd3 43. h4 e2+ 44. Ke1 Nc2+ 45. Kf2 e1=Q+ 0-1

[Event "Plymouth (MI Op/4/10)"]
[Site "?"]
[Date "1984.??.??"]
[Round "?"]
[White "Almquist, W.."]
[Black "Groeller, W.."]
[Result "0-1"]
[WhiteElo "1620"]
[BlackElo "2075"]
[PlyCount "114"]
[EventDate "1984.??.??"]

{4/(10)} 1. e4 c5 2. Nf3 Nc6 3. d4 cxd4 4. Nxd4 Nf6 5. Nc3 e5 6. Nb3 Bb4 7. Bd3
d5 8. exd5 Nxd5 9. Bd2 Nxc3 10. Bxc3 Bxc3+ 11. bxc3 O-O 12. O-O Be6 13. Nc5 Qe7
14. Nxe6 Qxe6 15. Qe2 Rfd8 16. Qe4 g6 17. f4 Qd5 18. f5 Qxe4 19. Bxe4 Rd6 20.
Rf2 Kg7 21. Raf1 f6 22. fxg6 hxg6 23. g4 Rad8 24. h4 Rh8 25. Rh2 b6 26. h5 Ne7
27. Rg2 g5 28. Rgf2 Ng8 29. Kg2 Nh6 30. Kg3 Rc8 31. Rf3 Rc4 32. Re3 Ra4 33. Ra1
Ra3 34. Bf3 f5 35. Rxe5 f4+ 36. Kf2 Kf6 37. Rd5 Rxd5 38. Bxd5 Nxg4+ 39. Kf3
Ne5+ 40. Ke4 Rxc3 41. Rh1 Re3+ 42. Kd4 g4 43. h6 Ng6 44. Be4 Rh3 45. a4 Rxh1
46. Bxh1 Kg5 47. h7 Kh6 48. a5 Kxh7 49. c4 f3 50. axb6 axb6 51. c5 bxc5+ 52.
Kxc5 Nh4 53. Kd4 g3 54. Ke3 g2 55. Bxg2 fxg2 56. Kf2 Kg6 57. Kg1 Kf5 0-1

[Event "Plymouth (MI Op/6/20)"]
[Site "?"]
[Date "1984.??.??"]
[Round "?"]
[White "Almquist, W.."]
[Black "Forte, Joe"]
[Result "0-1"]
[WhiteElo "1620"]
[BlackElo "2020"]
[PlyCount "46"]
[EventDate "1984.??.??"]

{6/(20)} 1. e4 c5 2. Nf3 Nc6 3. d4 cxd4 4. Nxd4 g6 5. Be3 Bg7 6. Nc3 d6 7. f3
Nf6 8. Bc4 O-O 9. Qd2 Bd7 10. h4 h5 11. Nce2 Rc8 12. Bb3 Ne5 13. Bh6 b5 14.
Bxg7 Kxg7 15. O-O-O a5 16. g4 Nxf3 17. Qe3 Bxg4 18. Nxb5 Nd7 19. Rdf1 Nde5 20.
Nbd4 Nxd4 21. Nxd4 Qd7 22. Qg5 f6 23. Qf4 Nd3+ 0-1

[Event "Plymouth (MI Op/3/20)"]
[Site "?"]
[Date "1984.??.??"]
[Round "?"]
[White "Almquist, W.."]
[Black "Foote, F.."]
[Result "1-0"]
[WhiteElo "1620"]
[BlackElo "2045"]
[PlyCount "61"]
[EventDate "1984.??.??"]

{3/(20)} 1. e4 Nf6 2. e5 Nd5 3. d4 d6 4. exd6 cxd6 5. Nf3 g6 6. c4 Nf6 7. Nc3
Bg7 8. Be2 O-O 9. O-O Bg4 10. Be3 Nc6 11. h3 Bxf3 12. Bxf3 e5 13. Bxc6 bxc6 14.
dxe5 dxe5 15. Qxd8 Rfxd8 16. Rfd1 Nd7 17. Rd6 Nb6 18. Rxc6 Rdc8 19. Rxc8+ Rxc8
20. Nd5 Nxd5 21. cxd5 e4 22. Bxa7 Bxb2 23. Rd1 Rd8 24. Bb6 Rd7 25. a4 Be5 26.
a5 Bc7 27. Bxc7 Rxc7 28. d6 Rd7 29. a6 Kf8 30. a7 Rd8 31. Rb1 1-0

[Event "Plymouth (MI Op/1b/29)"]
[Site "?"]
[Date "1984.??.??"]
[Round "?"]
[White "Almquist, W.."]
[Black "Feldman, J.."]
[Result "1-0"]
[WhiteElo "1620"]
[BlackElo "1605"]
[PlyCount "23"]
[EventDate "1984.??.??"]

1. e4 e5 2. Nf3 Nc6 3. Bb5 Nf6 4. d4 exd4 5. e5 Ng4 6. O-O d6 7. Nxd4 Bd7 8.
Bxc6 bxc6 9. e6 c5 10. exd7+ Qxd7 11. Qf3 O-O-O 12. Qa8# 1-0

[Event "Plymouth (MI Op/2/66)"]
[Site "?"]
[Date "1984.??.??"]
[Round "?"]
[White "Alliston, Richard"]
[Black "Thorsen, K.."]
[Result "1-0"]
[WhiteElo "1605"]
[BlackElo "1680"]
[PlyCount "65"]
[EventDate "1984.??.??"]

{2/(66)} 1. d4 Nf6 2. c4 g6 3. Nc3 Bg7 4. Bg5 O-O 5. Qd2 d6 6. e4 c6 7. Nf3
Nbd7 8. Be2 Qa5 9. O-O e5 10. d5 cxd5 11. Nxd5 Qxd2 12. Nxd2 Nxd5 13. cxd5 Nb6
14. Be7 Re8 15. Bxd6 Bd7 16. Rac1 Bh6 17. Rfd1 f6 18. b3 Rac8 19. Rc7 Rxc7 20.
Bxc7 Rc8 21. Bxb6 axb6 22. Nc4 b5 23. Nd6 Rc2 24. Bxb5 Bg4 25. Ra1 Bf8 26. Nxb7
Bc8 27. Bc6 Bb4 28. a4 Bc3 29. Rb1 Bd4 30. Rf1 Bg4 31. Bb5 Rb2 32. d6 Rxb3 33.
Bc4+ 1-0

[Event "Plymouth (MI Op/4/64)"]
[Site "?"]
[Date "1984.??.??"]
[Round "?"]
[White "Alliston, Richard"]
[Black "Sanborn, Richard"]
[Result "0-1"]
[WhiteElo "1605"]
[BlackElo "1695"]
[PlyCount "62"]
[EventDate "1984.??.??"]

{4/(64)} 1. d4 d5 2. c4 e6 3. Nc3 Nf6 4. Nf3 c6 5. e3 Bd6 6. cxd5 exd5 7. Bd3
O-O 8. O-O Bg4 9. h3 Bh5 10. Be2 Nbd7 11. Nd2 Bg6 12. Nf3 Qe7 13. Nh4 Rae8 14.
Nxg6 fxg6 15. Rb1 Ne4 16. Nxe4 Qxe4 17. Bd3 Qh4 18. Bd2 Rf7 19. Qb3 Nf6 20. Be2
Ne4 21. Be1 h5 22. Rd1 g5 23. f3 Ng3 24. e4 Nxe2+ 25. Kh1 Qf4 26. g3 Nxg3+ 27.
Bxg3 Qxg3 28. Qc2 Rxf3 29. Qg2 Qxg2+ 30. Kxg2 Rxf1 31. Kxf1 Rxe4 0-1

[Event "Plymouth (MI Op/5/70)"]
[Site "?"]
[Date "1984.??.??"]
[Round "?"]
[White "Alliston, Richard"]
[Black "Gaba, H.."]
[Result "1/2-1/2"]
[WhiteElo "1605"]
[BlackElo "1840"]
[PlyCount "125"]
[EventDate "1984.??.??"]

{5/(70)} 1. g3 e5 2. Bg2 c6 3. e4 Nf6 4. Ne2 Bc5 5. d4 exd4 6. Nxd4 d6 7. O-O
O-O 8. Re1 Re8 9. Nc3 Bb4 10. Bd2 Na6 11. Na4 Bxd2 12. Qxd2 Bd7 13. Nc3 Ng4 14.
Qf4 Qf6 15. Nf5 Ne5 16. Rad1 Bxf5 17. exf5 Rad8 18. Ne4 Qe7 19. f6 Qe6 20. fxg7
Kxg7 21. Qg5+ Qg6 22. Qxg6+ hxg6 23. Nxd6 Rxd6 24. Rxd6 Nf3+ 25. Bxf3 Rxe1+ 26.
Kg2 Rb1 27. b3 Rb2 28. Rd7 Nc5 29. Rc7 Rxa2 30. b4 Ne6 31. Rxb7 Rxc2 32. Rxa7
Ng5 33. Ra5 Nxf3 34. Kxf3 Rc4 35. Rc5 Rxb4 36. Rxc6 Ra4 37. h4 Rb4 38. Rc3 Ra4
39. Re3 Rb4 40. Re4 Rb3+ 41. Kf4 Rb2 42. f3 Rb5 43. g4 Ra5 44. Re5 Ra4+ 45. Kg3
Kf6 46. Rc5 Rd4 47. h5 gxh5 48. Rxh5 Kg6 49. Re5 Rd3 50. Kf2 Ra3 51. Rf5 Rb3
52. f4 Ra3 53. Rh5 Rb3 54. f5+ Kg7 55. g5 Rb5 56. g6 Kf6 57. g7 Rb2+ 58. Kf3
Kxg7 59. Kf4 Rb4+ 60. Ke5 Rb5+ 61. Kf4 Rb4+ 62. Ke5 Rb5+ 63. Kf4 1/2-1/2

[Event "Plymouth (MI Op/7/61)"]
[Site "?"]
[Date "1984.??.??"]
[Round "?"]
[White "Alliston, Richard"]
[Black "Carpenter, George"]
[Result "1-0"]
[WhiteElo "1605"]
[BlackElo "1605"]
[PlyCount "101"]
[EventDate "1984.??.??"]

{7/(61)} 1. d4 d5 2. Nf3 Nf6 3. c4 e6 4. Nc3 Nbd7 5. e3 Bb4 6. Bd2 O-O 7. cxd5
Bxc3 8. Bxc3 Nxd5 9. Bd3 c5 10. Qc2 N5f6 11. O-O cxd4 12. Bxd4 b6 13. Ng5 g6
14. f4 Bb7 15. Ne4 Nxe4 16. Bxe4 Rc8 17. Qd3 Bxe4 18. Qxe4 Qe7 19. Qb7 Ra8 20.
Rac1 Rfb8 21. Qe4 Qd8 22. Rc2 Rc8 23. Rfc1 Rxc2 24. Qxc2 h5 25. Qc6 Nc5 26.
Bxc5 Rc8 27. Qb5 Rxc5 28. Rxc5 Qd1+ 29. Qf1 Qxf1+ 30. Kxf1 bxc5 31. Ke2 Kf8 32.
Kd3 Ke7 33. Kc4 Kd6 34. a4 f6 35. Kb5 Kd5 36. Ka6 Kc6 37. a5 c4 38. Kxa7 Kc7
39. e4 h4 40. g3 g5 41. f5 exf5 42. exf5 hxg3 43. hxg3 g4 44. a6 Kc8 45. Kb6
Kb8 46. a7+ Ka8 47. Kc6 Kxa7 48. Kd6 Kb7 49. Ke6 Kc6 50. Kxf6 Kd7 51. Kg7 1-0

[Event "Plymouth (MI Op/7/41)"]
[Site "?"]
[Date "1984.??.??"]
[Round "?"]
[White "Alexander, J.."]
[Black "Mikus, Jim"]
[Result "1-0"]
[WhiteElo "1605"]
[BlackElo "1800"]
[PlyCount "81"]
[EventDate "1984.??.??"]

{7/(41)} 1. e4 c6 2. d4 d5 3. exd5 cxd5 4. Bd3 Nc6 5. c3 Nf6 6. Bf4 g6 7. Nd2
Bg7 8. Ngf3 O-O 9. O-O Nh5 10. Be3 Bg4 11. h3 Bd7 12. Nb3 b6 13. Qd2 Re8 14.
Rae1 Qc8 15. Bh6 Bh8 16. Qg5 e6 17. g4 Bf6 18. Qe3 e5 19. dxe5 Nxe5 20. Nxe5
Bxe5 21. Qf3 Bg7 22. Bxg7 Kxg7 23. Rxe8 Qxe8 24. gxh5 Qe5 25. hxg6 hxg6 26. Qg3
Qxg3+ 27. fxg3 Bxh3 28. Re1 Be6 29. Nd4 Bg4 30. Be2 Re8 31. Kf2 Bd7 32. Bb5
Rxe1 33. Kxe1 Be6 34. Nc6 d4 35. cxd4 Bxa2 36. Nxa7 f5 37. Nc8 Kf6 38. Nxb6 g5
39. Bc4 Bb1 40. Nd5+ Kg6 41. b4 1-0

[Event "Plymouth (MI Op/6/47)"]
[Site "?"]
[Date "1984.??.??"]
[Round "?"]
[White "Alexander, J.."]
[Black "Kraft, R.."]
[Result "1/2-1/2"]
[WhiteElo "1605"]
[BlackElo "1765"]
[PlyCount "60"]
[EventDate "1984.??.??"]

{6/(47)} 1. e4 e5 2. Nf3 Nc6 3. Bb5 a6 4. Bxc6 dxc6 5. O-O Bd6 6. d4 f6 7. Be3
Ne7 8. Nbd2 O-O 9. c3 Ng6 10. Qb3+ Kh8 11. h3 Qe8 12. Qc2 f5 13. dxe5 Bxe5 14.
Nxe5 Nxe5 15. f4 Ng6 16. e5 b6 17. Nf3 c5 18. Rad1 Bb7 19. Rd2 Rd8 20. Rfd1
Rxd2 21. Qxd2 Bc6 22. Qf2 Qe7 23. Rd2 Rd8 24. Rxd8+ Qxd8 25. Qd2 Qxd2 26. Nxd2
Ne7 27. c4 Kg8 28. g4 Kf7 29. Kf2 Ke6 30. Nf3 h6 1/2-1/2

[Event "East Detroit (MCO/1/2)"]
[Site "?"]
[Date "1984.??.??"]
[Round "?"]
[White "Alexander, J.."]
[Black "Findlay, I.."]
[Result "0-1"]
[WhiteElo "1670"]
[BlackElo "2340"]
[PlyCount "54"]
[EventDate "1984.??.??"]

{1/(2)} 1. e4 c5 2. Nf3 d6 3. d4 cxd4 4. Nxd4 Nf6 5. Nc3 g6 6. Be2 Bg7 7. O-O
O-O 8. Be3 Nc6 9. Nb3 Be6 10. f4 Qc8 11. Bf3 Ng4 12. Bxg4 Bxg4 13. Qe1 a5 14.
h3 Be6 15. a4 Nb4 16. Qd2 Bxb3 17. cxb3 Qe6 18. f5 Qxb3 19. Ra3 Qc4 20. Re1
Rfd8 21. Bf2 Bf6 22. Re2 gxf5 23. exf5 d5 24. Qe3 d4 25. Qg3+ Kh8 26. Re4 Nc2
27. Ra2 Qb3 0-1

[Event "Plymouth (MI Op/2/44)"]
[Site "?"]
[Date "1984.??.??"]
[Round "?"]
[White "Alexander, J.."]
[Black "Brattin, Vincent"]
[Result "0-1"]
[WhiteElo "1605"]
[BlackElo "1835"]
[PlyCount "58"]
[EventDate "1984.??.??"]

{2/(44)} 1. e4 e5 2. Nf3 Nc6 3. Bb5 Nd4 4. Nxd4 exd4 5. c3 Bc5 6. O-O Ne7 7.
cxd4 Bxd4 8. Nc3 O-O 9. d3 h6 10. Ne2 Bb6 11. d4 c6 12. Ba4 d5 13. e5 Ng6 14.
f4 Bg4 15. Be3 Qe7 16. h3 Bxe2 17. Qxe2 Qb4 18. Qd1 Qxb2 19. Bb3 Nh4 20. Bf2
Nf5 21. Rb1 Qc3 22. Rc1 Qb4 23. a3 Qxa3 24. Ra1 Qb4 25. Qd3 Nxd4 26. Bxd5 cxd5
27. Rab1 Qc4 28. Qxc4 dxc4 29. Rxb6 Ne2+ 0-1

[Event "Plymouth (MI Op/4/37)"]
[Site "?"]
[Date "1984.??.??"]
[Round "?"]
[White "Alexander, J.."]
[Black "Bolda, Dan G"]
[Result "1/2-1/2"]
[WhiteElo "1605"]
[BlackElo "1860"]
[PlyCount "88"]
[EventDate "1984.??.??"]

{4/(37)} 1. e4 e6 2. d3 d5 3. Nd2 c5 4. Ngf3 Nc6 5. g3 d4 6. e5 Nge7 7. a4 h6
8. Bg2 Ng6 9. Nc4 Qc7 10. Qe2 Be7 11. h4 b6 12. h5 Nf8 13. Bf4 Bb7 14. O-O Nb4
15. Rfe1 Nd5 16. Bd2 Nh7 17. Nh2 O-O 18. Ng4 Bg5 19. Bxg5 Nxg5 20. Nd6 Bc6 21.
Nc4 Nb4 22. Nh2 Bxg2 23. Kxg2 Qc6+ 24. f3 f6 25. Rf1 a6 26. a5 b5 27. Nb6 Rae8
28. c3 Nd5 29. Nxd5 Qxd5 30. Rae1 b4 31. c4 Qd8 32. f4 Qa8+ 33. Nf3 Nxf3 34.
Qxf3 Qd8 35. exf6 Rxf6 36. Qc6 Qa8 37. Qxa8 Rxa8 38. Re5 Rc8 39. Rfe1 Rc6 40.
Kf3 Kf7 41. b3 g6 42. hxg6+ Rxg6 43. Rh1 Rc8 44. Rhh5 Rcg8 1/2-1/2

[Event "Ann Arbor Grand Prix Kickoff"]
[Site "Ann Arbor, Mich."]
[Date "1984.01.07"]
[Round "2"]
[White "Moody, David"]
[Black "O'Donnell, Robert"]
[Result "0-1"]
[WhiteElo "1904"]
[BlackElo "2183"]
[PlyCount "80"]
[EventDate "1984.01.07"]

1. e4 c5 2. Nc3 Nc6 3. d3 g6 4. g3 Bg7 5. Bg2 d6 6. f4 e6 7. Nh3 Nge7 8. O-O
O-O 9. Be3 Nd4 10. Qd2 Bd7 11. Nd1 Rc8 12. c3 Ndc6 13. Ndf2 Qa5 14. g4 f5 15.
Ng5 d5 16. e5 d4 17. cxd4 Qxd2 18. Bxd2 Nxd4 19. gxf5 gxf5 20. Kh1 b5 21. Rac1
Ng6 22. Nfh3 Nh4 23. Be3 Nxg2 24. Kxg2 h6 25. Bxd4 cxd4 26. Nf3 Bc6 27. Kf2
Rfd8 28. Nhg1 Bf8 29. Ne2 Bd5 30. Rg1+ Kf7 31. h4 Bc5 32. Rg3 Bxa2 33. Rcg1 Rg8
34. Rxg8 Rxg8 35. Rxg8 Kxg8 36. Nfxd4 Bd5 37. Kg3 b4 38. Nb5 a5 39. Nc7 a4 40.
Na6 Be7 0-1

[Event "Ann Arbor Grand Prix Kickoff"]
[Site "Ann Arbor, Mich."]
[Date "1984.01.07"]
[Round "1"]
[White "Haakonstad, Olaf"]
[Black "Moody, David"]
[Result "0-1"]
[WhiteElo "1572"]
[BlackElo "1904"]
[PlyCount "82"]
[EventDate "1984.01.07"]

1. e4 e5 2. Nf3 Nc6 3. Bb5 a6 4. Ba4 Nf6 5. O-O Be7 6. Re1 b5 7. Bb3 O-O 8. d4
d6 9. h3 Nxd4 10. Nxd4 exd4 11. c3 Bb7 12. cxd4 Nxe4 13. Qe2 Bh4 14. Be3 Qf6
15. Nc3 Qg6 16. d5 Rae8 17. Nxe4 Rxe4 18. Bc2 Bxd5 19. f3 Rxe3 20. Bxg6 Rxe2
21. Bxf7+ Kxf7 22. Rxe2 Re8 23. Rd2 Bc4 24. b3 Bf6 25. Rad1 Be6 26. Rc1 Re7 27.
Rc6 d5 28. f4 d4 29. g4 g5 30. f5 Bd5 31. Rxa6 Re3 32. Ra5 d3 33. Rxb5 Re2 34.
Rxd3 c6 35. Rb7+ Ke8 36. a4 Be5 37. a5 Be4 38. Rdd7 Bg3 39. Re7+ Kd8 40. Rbd7+
Kc8 41. a6 Re1# 0-1